000 00617nam a22002177a 4500
003 OSt
005 20240530110427.0
008 150325s2013 cc aceof 001 0 eng d
020 _a9781437727647
040 _aEG-CaGPL
_cEG-CaGPL
082 0 4 _221
_a616.980213\
_bH D
100 1 _aHagberg , Carin A
245 _aBenumof and Hagberg's Airway Management /
_cEdited by Carin A. Hagberg
250 _aed. 3
260 _aChina :
_bElsevier ,
_c2013 .
300 _a1141 p. :
_bill. ;
_c28 cm.
650 0 _arespiratory organs
650 0 _aRespiratory Medicine
942 _2ddc
_cBK
999 _c60774
_d60774